CONTRACT-I (Record no. 29472)
[ view plain ]
| 000 -LEADER | |
|---|---|
| fixed length control field | 00185nam a2200085Ia 4500 |
| 008 - FIXED-LENGTH DATA ELEMENTS--GENERAL INFORMATION | |
| fixed length control field | 170620s9999 xx 000 0 und d |
| 100 ## - MAIN ENTRY--PERSONAL NAME | |
| Personal name | KAPOOR- S K |
| 245 #0 - TITLE STATEMENT | |
| Title | CONTRACT-I |
| 260 ## - PUBLICATION, DISTRIBUTION, ETC. | |
| Name of publisher, distributor, etc. | MEERUT; W L H |
| 260 ## - PUBLICATION, DISTRIBUTION, ETC. | |
| Date of publication, distribution, etc. | 2007 |
| Withdrawn status | Lost status | Source of classification or shelving scheme | Damaged status | Not for loan | Home library | Current library | Date acquired | Source of acquisition | Barcode | Date last seen | Price effective from | Koha item type | Total Checkouts | Total Renewals | Date last checked out |
|---|---|---|---|---|---|---|---|---|---|---|---|---|---|---|---|
| IIMT University College of Law | IIMT University College of Law | 05/21/2009 | 94 | 04-B-3262 | 06/29/2017 | 06/29/2017 | Book Bank | ||||||||
| IIMT University College of Law | IIMT University College of Law | 05/21/2009 | 94 | 04-B-3263 | 12/31/2019 | 06/29/2017 | Text-Book- for 7 days | 2 | 2 | 06/01/2019 | |||||
| IIMT University College of Law | IIMT University College of Law | 05/21/2009 | 94 | 04-B-3264 | 06/29/2017 | 06/29/2017 | Text-Book- for 7 days | ||||||||
| IIMT University College of Law | IIMT University College of Law | 05/21/2009 | 94 | 04-B-3265 | 06/29/2017 | 06/29/2017 | Text-Book- for 7 days | ||||||||
| IIMT University College of Law | IIMT University College of Law | 05/21/2009 | 94 | 04-B-3266 | 06/04/2018 | 06/29/2017 | Text-Book- for 7 days | 1 | 06/01/2018 |

